Get the Picture: German-Speaking Cities Quiz Stats

 Plays Quiz Updated Apr 13, 2019

Score 0/15 Timer 02:00
1 Play Today
Question Answer Wrong Answers
Munich Germany
94.9%
Switzerland
1.1%
Austria
1%
Vienna Austria
92.6%
Switzerland
3%
Germany
1.7%
Stuttgart Germany
91.5%
Switzerland
1.9%
Austria
3.4%
Dresden Germany
91.1%
Switzerland
2.4%
Austria
3.2%
Cologne Germany
90.8%
Switzerland
3.4%
Austria
3%
Z├╝rich Switzerland
89.5%
Austria
3.6%
Germany
3.9%
Bern Switzerland
87.5%
Austria
2.6%
Germany
7.2%
Bremen Germany
84.5%
Switzerland
5.7%
Austria
6.5%
Basel Switzerland
82.4%
Austria
7.7%
Germany
6.7%
Salzburg Austria
82.2%
Switzerland
3.9%
Germany
11%
Innsbruck Austria
79.3%
Switzerland
9.9%
Germany
7.6%
St. Gallen Switzerland
76.3%
Austria
16.1%
Germany
4.2%
Graz Austria
73.7%
Switzerland
16.8%
Germany
6.2%
Winterthur Switzerland
46.9%
Austria
32.7%
Germany
17.4%
Klagenfurt Austria
46.5%
Switzerland
8.3%
Germany
42.3%

Today's Daily Dose

Missing Word
Video Games (A-Z)

Get the Picture
Tom Hanks

You're not logged in!

Compare scores with friends on all Sporcle quizzes.
OR
Log In

Sporcle TV

Today on Sporcle TV


Watch our educational content, quiz creation guides, and fun videos on Sporcle TV.

Show Comments

Extras

Top Quizzes Today


Score Distribution

Your Account Isn't Verified!

In order to create a playlist on Sporcle, you need to verify the email address you used during registration. Go to your Sporcle Settings to finish the process.

Report this User

Report this user for behavior that violates our Community Guidelines.

Details: